| 000 | 00332nam a2200145 i 4500 | ||
|---|---|---|---|
| 001 | bg | ||
| 100 | 1 | _aBELYJ, Jurij Aleksandrovic | |
| 245 | 0 |
_aIogann Keppler 1571-1630 / _cJ.A. Belyj. |
|
| 260 |
_aMoskva, _c1971. |
||
| 040 | _cBPK | ||
| 041 | _apol | ||
| 080 | _a52:92 | ||
| 942 | _cKS | ||
| 008 | s pl f |000 0 pol | ||
| 999 |
_c9188 _d9188 |
||
| 856 |
_uhttp://koha.tu.koszalin.pl/cgi-bin/koha/opac-detail.pl?biblionumber=9188 _yKatalog online BPK |
||